| 000 | 00525nam a2200169Ia 4500 | ||
|---|---|---|---|
| 999 |
_c7530 _d7530 |
||
| 003 | OSt | ||
| 005 | 20200514110951.0 | ||
| 008 | 190216s9999||||xx |||||||||||||| ||und|| | ||
| 040 | _coclc | ||
| 082 |
_a332.6 _bKOR/I |
||
| 100 |
_aKoroth, Abdul Assis _91079 |
||
| 245 | 0 |
_aInvestment Management / _cAbdul Assis Koroth |
|
| 260 |
_bCalicut University Central Co-Operative, _c2009. _aFeroke: |
||
| 300 | _a341p | ||
| 650 | 0 |
_aSocial sciences _vEconomics _91086 |
|
| 942 |
_cBK _2ddc _h332.6 _iKOR/I _k332.6 _mKOR/I |
||